[Event "Unterfranken-ch HT 54th"]
[Site "Moembris"]
[Date "2003.04.25"]
[Round "8"]
[White "Voelker, Joachim"]
[Black "Maiwald, Uwe"]
[Result "1-0"]
[WhiteElo "1633"]
[BlackElo "1472"]
[PlyCount "55"]
[EventDate "2003.04.21"]
[EventType "swiss"]
[EventRounds "9"]
[EventCountry "GER"]
[SourceTitle "EXT 2015"]
[Source "ChessBase"]
[SourceDate "2014.11.20"]
[SourceVersion "1"]
[SourceVersionDate "2014.11.20"]
[SourceQuality "1"]

1. c4 Nf6 2. g3 c5 3. Bg2 e6 4. Nf3 d5 5. 0-0 Nc6 6. b3 b6 7. Bb2 Be7 8. Ne5 Nxe5 9. Bxe5 Bd6 10. Bb2 Bb7 11. d3 0-0 12. Re1 e5 13. Na3 Qe7 14. Nc2 e4 15. Ne3 d4 16. Nf5 Qd7 17. Nxd6 Qxd6 18. e3 Rfe8 19. exd4 cxd4 20. dxe4 Bxe4 21. Bxe4 Rxe4 22. Rxe4 Nxe4 23. Qxd4 Qxd4 24. Bxd4 Rd8 25. Be3 Nc3 26. Kg2 Rd1 27. Rxd1 Nxd1 28. Bd4 1-0

[Event "Unterfranken-ch HT 54th"]
[Site "Moembris"]
[Date "2003.04.22"]
[Round "2"]
[White "Werner, Stefan1111"]
[Black "Maiwald, Uwe"]
[Result "1-0"]
[WhiteElo "1757"]
[BlackElo "1472"]
[PlyCount "57"]
[EventDate "2003.04.21"]
[EventType "swiss"]
[EventRounds "9"]
[EventCountry "GER"]
[SourceTitle "EXT 2015"]
[Source "ChessBase"]
[SourceDate "2014.11.20"]
[SourceVersion "1"]
[SourceVersionDate "2014.11.20"]
[SourceQuality "1"]

1. d4 d5 2. c4 dxc4 3. Nc3 e6 4. e4 Nf6 5. a3 h6 6. Nf3 b6 7. Bxc4 Bb7 8. Bb5+ c6 9. Bd3 Be7 10. Be3 0-0 11. h3 Nbd7 12. Bc2 c5 13. d5 exd5 14. exd5 Bd6 15. Qd3 Ne5 16. Nxe5 Bxe5 17. 0-0-0 Bxc3 18. Qxc3 Bxd5 19. Rhg1 Qe7 20. g4 Be4 21. g5 hxg5 22. Bxg5 Kh8 23. Bxe4 Qxe4 24. Rde1 Qf5 25. Re5 Qg6 26. Ree1 Ne4 27. Rxe4 Qxe4 28. Bh6 Qd4 29. Bxg7+ 1-0